| 000 | 00640nam a22001457a 4500 | ||
|---|---|---|---|
| 020 | _a9789878459219 | ||
| 080 | _a343.359 F 663 | ||
| 100 | _aFlores Dapkevicius, Ruben | ||
| 245 |
_aPrevencion de Lavado de Activos y Financiamiento del terrorismo: _bleyes 19574 y 19749 |
||
| 260 |
_aBuenos Aires: _bIJ Editores _c2021 |
||
| 300 | _a190 P. | ||
| 650 |
_xderecho penal _xlavado de activos _xGAFI _xcriptomonedas _xbig data _xbitcoin _xblockchain _xley 19574 _xley antiterrorismo _xderecho comunitario _xblanqueo de capitales _xleyes 19749 _xderecho administrativco economico _xadministracion publica estatal 4.0 |
||
| 942 | _6_ | ||
| 945 |
_acd _d2023-07-07 |
||
| 999 |
_c5312 _d235816 |
||